| 000 | 00663 a2200181 4500 | ||
|---|---|---|---|
| 001 | 130845 | ||
| 020 | _a85-224-1552-8 | ||
| 040 | _cLeonardo Da Vinci | ||
| 041 | _aPortuguês | ||
| 082 |
_a658.8 M115m _bM115m |
||
| 100 |
_aMCCARTHY, E. Jerome _aPERREAULT JUNIOR, William D |
||
| 245 |
_aMarketing essencial _buma abordagem gerencial e global |
||
| 260 |
_bAtlas _c1997 _aSão Paulo |
||
| 300 | _a397 | ||
| 362 | _a19970000 | ||
| 697 |
_aAdministração _aMarketing _aAtacado _aVarejo _aPlanejamento estratégico _aMercado _aEstratégia de marketing _aConsumidor _aProduto _aDistribuição _aVenda _aPropaganda _aControle de gestão _aEstudo de caso _aFIPEN |
||
| 942 | _cBK | ||
| 999 |
_c130845 _d130845 |
||